[Event "Junior Online 4NCL Division 5"]
[Site "online"]
[Date "2020.05.28"]
[Round "7.76"]
[White "Menakaya, Léon"]
[Black "Dushi, Errol"]
[Result "1-0"]
[WhiteElo "865"]
[BlackElo "925"]
[PlyCount "75"]
[EventDate "2020.05.28"]
[WhiteTeam "Watford 5"]
[BlackTeam "Cambridge Chess & Go C"]

1. e4 e6 2. Nc3 Nf6 3. e5 Nd5 4. Nxd5 exd5 5. Nf3 c6 6. d4 Bb4+ 7. Bd2 Bxd2+ 8.
Qxd2 O-O 9. O-O-O g6 10. Kb1 Na6 11. Bd3 Nc7 12. Ng5 b6 13. Qf4 Ne6 14. Nxe6
dxe6 15. a3 Rb8 16. Be2 b5 17. h4 Ba6 18. h5 f5 19. hxg6 hxg6 20. Qh6 Kf7 21.
Qh7+ Ke8 22. Qxg6+ Rf7 23. Rh8+ Ke7 24. Rxd8 Rxd8 25. g4 Rh8 26. gxf5 exf5 27.
Qd6+ Ke8 28. Qxc6+ Ke7 29. Qxa6 Kd7 30. Qxb5+ Kc7 31. Qxd5 Rd7 32. Qb3 Rb8 33.
Qc3+ Kb6 34. Bf3 Rc7 35. Qb3+ Ka6 36. Qxb8 Rh7 37. Be2+ Ka5 38. Qb5# 1-0

[Event "Junior Online 4NCL Division 5"]
[Site "online"]
[Date "2020.05.28"]
[Round "7.77"]
[White "Soni, Raghhav"]
[Black "Kalavadia, Kunal"]
[Result "0-1"]
[WhiteElo "925"]
[BlackElo "700"]
[PlyCount "52"]
[EventDate "2020.05.28"]
[WhiteTeam "Cambridge Chess & Go C"]
[BlackTeam "Watford 5"]

1. e4 g6 2. Qf3 Bg7 3. Qd1 Nc6 4. Nc3 b6 5. Nf3 Nh6 6. Bd3 Nd4 7. O-O O-O 8.
Ne2 Nxe2+ 9. Qxe2 c6 10. Bc4 e6 11. Nd4 b5 12. Bxb5 cxb5 13. Nxb5 Rb8 14. Nd4
e5 15. Nf3 Qe8 16. Qe3 f5 17. exf5 Nxf5 18. Nxe5 Nxe3 19. fxe3 Bxe5 20. d4 Bc7
21. d5 Rxf1+ 22. Kxf1 Bxh2 23. Kf2 Bb7 24. g3 Qe5 25. Kg2 Qxg3+ 26. Kh1 Qg1#
0-1

[Event "Junior Online 4NCL Division 5"]
[Site "online"]
[Date "2020.05.28"]
[Round "7.78"]
[White "Bamania, Prayaan"]
[Black "Athukorala, Mayumee"]
[Result "1-0"]
[WhiteElo "700"]
[BlackElo "850"]
[PlyCount "77"]
[EventDate "2020.05.28"]
[WhiteTeam "Watford 5"]
[BlackTeam "Cambridge Chess & Go C"]

1. d4 e5 2. dxe5 d6 3. exd6 cxd6 4. Nf3 d5 5. b3 a5 6. c4 b6 7. cxd5 Bb7 8. d6
Kd7 9. Ne5+ Ke8 10. d7+ Nxd7 11. Nxd7 Qxd7 12. Qxd7+ Kxd7 13. e4 Bxe4 14. Bb5+
Kd8 15. O-O Nh6 16. f3 Nf5 17. fxe4 Ng3 18. hxg3 a4 19. bxa4 Rxa4 20. Bxa4 b5
21. Bxb5 Bc5+ 22. Kh2 h5 23. Rxf7 h4 24. gxh4 Rxh4+ 25. Kg3 Rh6 26. Rd7+ Ke8
27. Rxg7+ Kf8 28. Ra7 Kg8 29. Ra8+ Kf7 30. Ra6 Rg6+ 31. Rxg6 Kxg6 32. e5 Kf7
33. Kf3 Ke7 34. g4 Kf7 35. Be3 Kg6 36. Bxc5 Kg5 37. e6 Kh4 38. Nc3 Kh3 39. Rh1#
1-0

[Event "Junior Online 4NCL Division 5"]
[Site "online"]
[Date "2020.05.28"]
[Round "7.79"]
[White "Arora, Aarav"]
[Black "Wan, Qiao"]
[Result "1-0"]
[WhiteElo "1007"]
[BlackElo "1082"]
[PlyCount "43"]
[EventDate "2020.05.28"]
[WhiteTeam "Watford 5"]
[BlackTeam "Cambridge Chess & Go C"]

1. e4 c5 2. Nf3 Nf6 3. Nc3 Nc6 4. d4 cxd4 5. Nxd4 e5 6. Nxc6 bxc6 7. Bc4 Bb4 8.
O-O Bxc3 9. bxc3 Qe7 10. Bb2 Nxe4 11. Re1 Nf6 12. Bb3 d6 13. Qc1 Nd5 14. Ba3
Qf6 15. Qd2 Qg6 16. Bxd5 Bh3 17. g3 Qf6 18. Bxc6+ Kf8 19. Bxa8 Qf5 20. Be4 Qg4
21. Qxd6+ Ke8 22. Qe7# 1-0

[Event "Junior Online 4NCL Division 5"]
[Site "online"]
[Date "2020.05.28"]
[Round "7.80"]
[White "Dushi, Errol"]
[Black "Menakaya, Léon"]
[Result "0-1"]
[WhiteElo "925"]
[BlackElo "865"]
[PlyCount "46"]
[EventDate "2020.05.28"]
[WhiteTeam "Cambridge Chess & Go C"]
[BlackTeam "Watford 5"]

1. e3 e5 2. f4 exf4 3. exf4 Bc5 4. d3 d5 5. Qf3 Nf6 6. b3 Bg4 7. Na3 Bxf3 8.
gxf3 O-O 9. Nh3 Bxa3 10. Bxa3 Re8+ 11. Kd1 b5 12. c4 bxc4 13. bxc4 dxc4 14. Nf2
cxd3 15. Bxd3 Nd5 16. Bc4 Nxf4+ 17. Nd3 Nxd3 18. Bxd3 Qxd3+ 19. Kc1 Qxa3+ 20.
Kd1 Qxf3+ 21. Kc1 Qxh1+ 22. Kb2 Qxh2+ 23. Kc1 Re1# 0-1

[Event "Junior Online 4NCL Division 5"]
[Site "online"]
[Date "2020.05.28"]
[Round "7.82"]
[White "Athukorala, Mayumee"]
[Black "Bamania, Prayaan"]
[Result "0-1"]
[WhiteElo "850"]
[BlackElo "700"]
[PlyCount "46"]
[EventDate "2020.05.28"]
[WhiteTeam "Cambridge Chess & Go C"]
[BlackTeam "Watford 5"]

1. d4 d5 2. Nf3 Nf6 3. Nc3 Nc6 4. e3 Ne4 5. Bd3 e5 6. O-O exd4 7. exd4 Nxc3 8.
bxc3 Bd6 9. Qe1+ Ne7 10. Bg5 f6 11. Bh4 g5 12. Bg3 Bf4 13. Bxf4 gxf4 14. g3
fxg3 15. hxg3 Qd6 16. Bb5+ c6 17. Ba4 b5 18. Bb3 Rg8 19. Kg2 Qe6 20. c4 Qh3+
21. Kg1 Rg6 22. g4 Rh6 23. Nh2 Qxh2# 0-1

[Event "Junior Online 4NCL Division 5"]
[Site "online"]
[Date "2020.05.28"]
[Round "7.85"]
[White "Bhargava, Aarav"]
[Black "Biswas, Snigdha"]
[Result "1/2-1/2"]
[WhiteElo "820"]
[BlackElo "300"]
[PlyCount "106"]
[EventDate "2020.05.28"]
[WhiteTeam "Uxbridge Juniors C"]
[BlackTeam "East Kilbride Rooks"]

1. e3 e5 2. e4 Nc6 3. Nf3 Nf6 4. Nc3 Bc5 5. d3 Ng4 6. Be2 Nxf2 7. Qd2 Nxh1 8.
Nb1 Nf2 9. Nc3 Ng4 10. h3 Nf6 11. g4 h6 12. h4 d6 13. g5 hxg5 14. hxg5 Ng4 15.
Nd5 Bf2+ 16. Kd1 Rh1+ 17. Bf1 Rxf1+ 18. Ke2 Rh1 19. Qc3 Nd4+ 20. Kd2 Nxf3+ 21.
Ke2 Be1 22. Qa3 Bd2 23. Kxf3 Bxc1 24. Rxc1 Rxc1 25. b3 Rh1 26. Kg2 Rh8 27. Kf3
Qxg5 28. Qb4 Nh2+ 29. Ke2 Bd7 30. Nxc7+ Ke7 31. Nxa8 Rxa8 32. Qxb7 Rh8 33. Qxa7
Nf3 34. Kxf3 Rh4 35. Qf2 Be6 36. Qg3 Rf4+ 37. Kg2 Rg4 38. Qxg4 Qxg4+ 39. Kf2 d5
40. b4 dxe4 41. b5 exd3 42. cxd3 Qb4 43. Ke3 Qxb5 44. d4 exd4+ 45. Kxd4 Bxa2
46. Ke4 g5 47. Kf3 Qf5+ 48. Kg3 Qf4+ 49. Kh3 g4+ 50. Kh4 g3+ 51. Kh3 Qf2 52.
Kg4 g2 53. Kh3 g1=Q 1/2-1/2

[Event "Junior Online 4NCL Division 5"]
[Site "online"]
[Date "2020.05.28"]
[Round "7.86"]
[White "Bhattacharjee, Aaditya"]
[Black "Bhargava, Arnav"]
[Result "1-0"]
[WhiteElo "250"]
[BlackElo "737"]
[PlyCount "71"]
[EventDate "2020.05.28"]
[WhiteTeam "East Kilbride Rooks"]
[BlackTeam "Uxbridge Juniors C"]

1. e4 e5 2. Nf3 Nf6 3. Nc3 Bc5 4. Bc4 O-O 5. Nxe5 Re8 6. O-O Rxe5 7. d3 Bd6 8.
d4 Rg5 9. Bxg5 Qe7 10. e5 Bxe5 11. dxe5 Qxe5 12. Qd2 Ne4 13. Qc1 b6 14. Nxe4
Qxe4 15. Bd3 Qd5 16. Qe3 h6 17. Be7 Bb7 18. Be4 Qe5 19. Bd8 Nc6 20. Bxc6 Bxc6
21. Qxe5 d6 22. Qe8+ Kh7 23. Qxc6 Rxd8 24. Rfe1 d5 25. Rad1 f6 26. Rxd5 Rf8 27.
Re7 Kg6 28. Qe6 c6 29. Qe4+ f5 30. Rd6+ Kg5 31. f4+ Kg4 32. Qf3+ Kh4 33. Qg3+
Kh5 34. Qg6+ Kh4 35. g3+ Kh3 36. Qh5# 1-0

[Event "Junior Online 4NCL Division 5"]
[Site "online"]
[Date "2020.05.28"]
[Round "7.87"]
[White "Chopra, Nipun"]
[Black "Vinodh, Sampriti"]
[Result "1-0"]
[WhiteElo "775"]
[BlackElo "200"]
[PlyCount "78"]
[EventDate "2020.05.28"]
[WhiteTeam "Uxbridge Juniors C"]
[BlackTeam "East Kilbride Rooks"]

1. e4 e5 2. Bc4 Nf6 3. d3 Nc6 4. Qf3 Nd4 5. Qe3 Nxc2+ 6. Kd2 Nxe3 7. fxe3 Bb4+
8. Kd1 d6 9. a3 Bg4+ 10. Ne2 Bc5 11. Bb5+ c6 12. Ba4 O-O 13. h3 Bf5 14. exf5
Bxe3 15. Bxe3 Nd5 16. Bd2 b5 17. Bb3 a6 18. Rf1 a5 19. Ba2 Nf4 20. Nxf4 exf4
21. Rxf4 b4 22. axb4 axb4 23. Rg4 Qe7 24. Bh6 Qf6 25. Nd2 Rae8 26. Kc2 c5 27.
Ne4 Qe5 28. f6 b3+ 29. Bxb3 Re6 30. Ng5 Rxf6 31. Nf3 Qh5 32. Bd2 d5 33. d4 cxd4
34. Nxd4 Qe5 35. Nf3 Qc7+ 36. Bc3 d4 37. Nxd4 Rf2+ 38. Ne2 Rxe2+ 39. Kd3 Rd8+
1-0

[Event "Junior Online 4NCL Division 5"]
[Site "online"]
[Date "2020.05.28"]
[Round "7.88"]
[White "Vusikala, Tarun"]
[Black "Machutadze, Nicolas"]
[Result "1-0"]
[WhiteElo "103"]
[BlackElo "737"]
[PlyCount "137"]
[EventDate "2020.05.28"]
[WhiteTeam "East Kilbride Rooks"]
[BlackTeam "Uxbridge Juniors C"]

1. d4 d5 2. c4 c5 3. dxc5 dxc4 4. Qxd8+ Kxd8 5. Nc3 Be6 6. e4 Na6 7. Be3 b6 8.
cxb6 axb6 9. O-O-O+ Ke8 10. Bxb6 Bg4 11. Rd4 e5 12. Rxc4 Be6 13. Rc6 Bd7 14.
Rc4 Nf6 15. Nf3 Bb4 16. Nxe5 Rf8 17. a3 Bd6 18. Nxd7 Kxd7 19. Nb5 Bf4+ 20. Kb1
Ke8 21. e5 Bxe5 22. Bd4 Bxd4 23. Rxd4 Nc5 24. Nc7+ Ke7 25. Nxa8 Rxa8 26. Bb5
Ne6 27. Ra4 Rd8 28. Ra7+ Kf8 29. Rc1 h6 30. Ba6 Kg8 31. Rc8 Rxc8 32. Bxc8 Nf4
33. g3 Ne2 34. h4 Ne4 35. Ra8 Nd2+ 36. Kc2 Ne4 37. Bb7+ Kh7 38. Bxe4+ g6 39.
Bd3 Nd4+ 40. Kc3 Ne6 41. Re8 Nc5 42. Bxg6+ Kg7 43. Bxf7 Kxf7 44. Re5 Nd7 45.
Rf5+ Ke6 46. Rf4 Ne5 47. g4 Ng6 48. Rf5 Nxh4 49. Rh5 Ng6 50. Rxh6 Kf6 51. f4
Kg7 52. g5 Nxf4 53. b4 Nd5+ 54. Kc4 Ne3+ 55. Kc5 Nc2 56. a4 Na3 57. b5 Nc2 58.
a5 Na3 59. b6 Kg8 60. a6 Kf8 61. a7 Ke8 62. b7 Kd8 63. a8=Q+ Kc7 64. b8=Q+ Kd7
65. Qb6 Nc2 66. Qaa7+ Ke8 67. g6 Kf8 68. g7+ Kg8 69. Rh8# 1-0

[Event "Junior Online 4NCL Division 5"]
[Site "online"]
[Date "2020.05.28"]
[Round "7.89"]
[White "Biswas, Snigdha"]
[Black "Bhargava, Aarav"]
[Result "1-0"]
[WhiteElo "300"]
[BlackElo "820"]
[PlyCount "47"]
[EventDate "2020.05.28"]
[WhiteTeam "East Kilbride Rooks"]
[BlackTeam "Uxbridge Juniors C"]

1. e4 e5 2. Nc3 Nc6 3. Nf3 Nf6 4. Bc4 Bc5 5. d3 Qe7 6. Qe2 O-O 7. Be3 Bxe3 8.
Qxe3 d6 9. d4 Nb4 10. Rc1 exd4 11. Qxd4 Nxa2 12. Nxa2 Be6 13. Bxe6 Qxe6 14. Ng5
Qxa2 15. h4 c5 16. Qxd6 Qxb2 17. O-O c4 18. h5 Nxe4 19. Qf4 Nd2 20. Qxd2 c3 21.
Qd3 Rfd8 22. Qxh7+ Kf8 23. Rfe1 Re8 24. Qh8# 1-0

[Event "Junior Online 4NCL Division 5"]
[Site "online"]
[Date "2020.05.28"]
[Round "7.90"]
[White "Bhargava, Arnav"]
[Black "Bhattacharjee, Aaditya"]
[Result "0-1"]
[WhiteElo "737"]
[BlackElo "250"]
[PlyCount "64"]
[EventDate "2020.05.28"]
[WhiteTeam "Uxbridge Juniors C"]
[BlackTeam "East Kilbride Rooks"]

1. d4 d5 2. c4 dxc4 3. Nc3 Nc6 4. d5 e5 5. dxc6 Bd6 6. cxb7 Bxb7 7. e3 Nf6 8.
Bxc4 Bxg2 9. Bb3 Bxh1 10. Qd3 O-O 11. Bc2 Bb4 12. e4 Qe8 13. Bg5 Nh5 14. Bd1
Rd8 15. Qe3 Rd7 16. Bxh5 Rd4 17. Qg3 g6 18. Bxg6 fxg6 19. Nh3 Bxe4 20. Bh6 Rf3
21. Qg5 Qc6 22. Qd8+ Kf7 23. Qf8+ Ke6 24. Ng5+ Kd7 25. Qf7+ Rxf7 26. Nxf7 Bxc3+
27. bxc3 Qxc3+ 28. Ke2 Qxa1 29. Nxe5+ Ke6 30. Ng4 Qxa2+ 31. Ke3 Rd3+ 32. Kxe4
Qc4# 0-1

[Event "Junior Online 4NCL Division 5"]
[Site "online"]
[Date "2020.05.28"]
[Round "7.91"]
[White "Vinodh, Sampriti"]
[Black "Chopra, Nipun"]
[Result "0-1"]
[WhiteElo "200"]
[BlackElo "775"]
[PlyCount "26"]
[EventDate "2020.05.28"]
[WhiteTeam "East Kilbride Rooks"]
[BlackTeam "Uxbridge Juniors C"]

1. e4 e5 2. Bc4 Bc5 3. Qh5 Nh6 4. Nf3 g6 5. Qh3 Qf6 6. O-O d6 7. Qg3 Qg7 8. Nh4
g5 9. Qf3 Kd7 10. Qd1 gxh4 11. Bb5+ c6 12. Bd3 Rg8 13. Bc4 Qxg2# 0-1

[Event "Junior Online 4NCL Division 5"]
[Site "online"]
[Date "2020.05.28"]
[Round "7.92"]
[White "Machutadze, Nicolas"]
[Black "Vusikala, Tarun"]
[Result "1/2-1/2"]
[WhiteElo "737"]
[BlackElo "103"]
[PlyCount "117"]
[EventDate "2020.05.28"]
[WhiteTeam "Uxbridge Juniors C"]
[BlackTeam "East Kilbride Rooks"]

1. e4 c5 2. f3 e5 3. Bc4 Nf6 4. Na3 d5 5. Bxd5 Nxd5 6. exd5 Qxd5 7. c4 Qd8 8.
Nh3 Bxh3 9. gxh3 Qh4+ 10. Ke2 Qxh3 11. Nb5 Na6 12. d3 Qg2+ 13. Ke3 Qg5+ 14. Kf2
Qh4+ 15. Ke3 O-O-O 16. Nxa7+ Kb8 17. Nb5 e4 18. fxe4 Qh3+ 19. Ke2 Qg4+ 20. Ke1
Qh4+ 21. Kd2 Be7 22. b3 Bg5+ 23. Kc2 Qf2+ 24. Kb1 Bxc1 25. Kxc1 Nb4 26. Rf1
Qe3+ 27. Qd2 Qxd2+ 28. Kxd2 Rxd3+ 29. Ke2 Rhd8 30. Rad1 Rxd1 31. Rxd1 Rxd1 32.
Kxd1 Nxa2 33. Nd6 f6 34. Nf5 g6 35. Ne7 g5 36. h3 h5 37. Ng8 g4 38. hxg4 hxg4
39. Nxf6 g3 40. Ke1 Nc3 41. e5 Ne4 42. Nxe4 Kc8 43. Nxg3 Kd7 44. Ne4 Ke6 45.
Nxc5+ Kxe5 46. Kd2 b6 47. Nd3+ Kd4 48. Kc2 b5 49. cxb5 Kd5 50. Kc3 Kd6 51. Kc4
Kc7 52. Kc5 Kc8 53. b6 Kb7 54. Kb5 Kb8 55. Kc6 Kc8 56. b7+ Kb8 57. b4 Ka7 58.
b5 Kb8 59. Kb6 1/2-1/2

[Event "Junior Online 4NCL Division 5"]
[Site "online"]
[Date "2020.05.28"]
[Round "7.95"]
[White "Bhattacharya, Cali"]
[Black "Lewis, Iolo"]
[Result "1-0"]
[WhiteElo "1375"]
[BlackElo "694"]
[PlyCount "99"]
[EventDate "2020.05.28"]
[WhiteTeam "Muswell Hill Rookies A"]
[BlackTeam "PSE Panthers"]

1. e4 e5 2. Nf3 Nc6 3. Bc4 Nf6 4. Ng5 d5 5. exd5 Nd4 6. d6 Be6 7. dxc7 Qxc7 8.
Nxe6 fxe6 9. Bb3 Nxb3 10. axb3 O-O-O 11. O-O Rd6 12. Nc3 Be7 13. Nb5 Qb6 14.
Nxd6+ Qxd6 15. Rxa7 Qb8 16. Ra1 Bc5 17. Qe2 Rd8 18. Qc4 b6 19. Qxe6+ Nd7 20.
Qc6+ Qc7 21. Ra8+ Nb8 22. Qxc7+ Kxc7 23. c3 Nc6 24. Rxd8 Nxd8 25. b4 Be7 26. d4
exd4 27. cxd4 Bxb4 28. Be3 b5 29. Rc1+ Nc6 30. d5 Kd6 31. dxc6 Kc7 32. Bf4+ Kc8
33. f3 h5 34. Kf2 g6 35. Ke3 h4 36. Ke4 h3 37. gxh3 g5 38. Bxg5 Kc7 39. Bf4+
Kc8 40. Kd5 Bf8 41. h4 Bb4 42. h5 Bd2 43. Bxd2 Kc7 44. Bf4+ Kc8 45. c7 b4 46.
h6 b3 47. h7 Kb7 48. c8=Q+ Kb6 49. Qc6+ Ka5 50. Bd2# 1-0

[Event "Junior Online 4NCL Division 5"]
[Site "online"]
[Date "2020.05.28"]
[Round "7.97"]
[White "Szanyi, Tristan"]
[Black "Howell, Lewis"]
[Result "1-0"]
[WhiteElo "1240"]
[BlackElo "653"]
[PlyCount "85"]
[EventDate "2020.05.28"]
[WhiteTeam "Muswell Hill Rookies A"]
[BlackTeam "PSE Panthers"]

1. d4 d5 2. Bf4 Nf6 3. e3 Nc6 4. Bd3 Bg4 5. Nf3 Bxf3 6. Qxf3 e6 7. Nc3 Bb4 8.
O-O Bxc3 9. bxc3 O-O 10. Qg3 g6 11. Bxc7 Qc8 12. Bd6 Ne8 13. Bxf8 Kxf8 14. Rab1
Qc7 15. Qxc7 Nxc7 16. Rxb7 Rc8 17. Bb5 Nd8 18. Bd7 Ra8 19. Rxc7 Rb8 20. Rc8
Rxc8 21. Bxc8 Nc6 22. Rb1 Na5 23. Rb5 Nc6 24. Bd7 Ne7 25. Rb8+ Kg7 26. Re8 Ng8
27. Bb5 a5 28. Ra8 Nh6 29. Rxa5 Kf6 30. Ra7 Nf5 31. a4 Ne7 32. a5 Nc8 33. Rc7
Nd6 34. Be2 Kf5 35. a6 Ne8 36. Rxf7+ Kg5 37. a7 Kh6 38. a8=Q Ng7 39. Qf8 Kg5
40. Qxg7 e5 41. Qxe5+ Kh6 42. Qf4+ g5 43. Qf6# 1-0

[Event "Junior Online 4NCL Division 5"]
[Site "online"]
[Date "2020.05.28"]
[Round "7.98"]
[White "Yeadon, William"]
[Black "Goswami, Pratyush"]
[Result "0-1"]
[WhiteElo "525"]
[BlackElo "1075"]
[PlyCount "42"]
[EventDate "2020.05.28"]
[WhiteTeam "PSE Panthers"]
[BlackTeam "Muswell Hill Rookies A"]

1. d4 Nf6 2. Bg5 g6 3. Bxf6 exf6 4. Nf3 Bg7 5. e4 O-O 6. e5 Re8 7. Qe2 d6 8.
Qc4 dxe5 9. dxe5 fxe5 10. Nxe5 Rxe5+ 11. Be2 Qe8 12. Nc3 Re7 13. Nd5 Rd7 14.
Nxc7 Qe5 15. Nxa8 Qxb2 16. Rd1 Bc3+ 17. Kf1 Rxd1+ 18. Bxd1 Be6 19. Qe4 Qc1 20.
Qe2 Bc4 21. Qxc4 Qxd1# 0-1

[Event "Junior Online 4NCL Division 5"]
[Site "online"]
[Date "2020.05.28"]
[Round "7.99"]
[White "Lewis, Iolo"]
[Black "Bhattacharya, Cali"]
[Result "0-1"]
[WhiteElo "694"]
[BlackElo "1375"]
[PlyCount "60"]
[EventDate "2020.05.28"]
[WhiteTeam "PSE Panthers"]
[BlackTeam "Muswell Hill Rookies A"]

1. e4 e6 2. d4 d5 3. exd5 exd5 4. Nc3 Bb4 5. Bd2 Nc6 6. Nxd5 Bxd2+ 7. Qxd2 Qxd5
8. Bb5 Qxg2 9. Bxc6+ bxc6 10. O-O-O Qxh1 11. Nf3 Qxf3 12. b3 Bg4 13. Rg1 Nf6
14. h3 Bh5 15. a3 O-O 16. Re1 Rfe8 17. Rg1 Ne4 18. Qe3 Qxe3+ 19. fxe3 Nc3 20.
Rg2 Bf3 21. Rg3 Ne2+ 22. Kb2 Nxg3 23. h4 Rxe3 24. c3 Re2+ 25. Kc1 Rae8 26. Kd1
Re1+ 27. Kd2 Bh5 28. Kd3 Be2+ 29. Kd2 Ba6 30. Kc2 R8e2# 0-1

[Event "Junior Online 4NCL Division 5"]
[Site "online"]
[Date "2020.05.28"]
[Round "7.101"]
[White "Howell, Lewis"]
[Black "Szanyi, Tristan"]
[Result "1/2-1/2"]
[WhiteElo "653"]
[BlackElo "1240"]
[PlyCount "139"]
[EventDate "2020.05.28"]
[WhiteTeam "PSE Panthers"]
[BlackTeam "Muswell Hill Rookies A"]

1. e4 e5 2. Bc4 Nf6 3. Nc3 Bc5 4. Nf3 Nc6 5. Bb5 O-O 6. Bxc6 dxc6 7. d3 Ng4 8.
O-O h6 9. h3 Nf6 10. Be3 Bb6 11. Bxb6 cxb6 12. d4 exd4 13. Nxd4 c5 14. Nf3 Qxd1
15. Raxd1 Re8 16. Rd2 Nxe4 17. Nxe4 Rxe4 18. Rd8+ Kh7 19. Re1 Rxe1+ 20. Nxe1
Kg6 21. Nf3 Kf6 22. Re8 b5 23. Ne5 b6 24. Nd7+ Kf5 25. g4+ Kg6 26. h4 h5 27.
gxh5+ Kxh5 28. Rf8 Kg6 29. h5+ Kxh5 30. Rh8+ Kg6 31. Ne5+ Kf6 32. Re8 Bb7 33.
Rxa8 Bxa8 34. Ng4+ Kg5 35. Ne5 f6 36. Nf7+ Kg6 37. Nd6 b4 38. Nb5 Kf5 39. Nxa7
Ke6 40. Nb5 Kd7 41. Kh2 Bc6 42. Na7 Bd5 43. a3 bxa3 44. bxa3 Be4 45. c3 Kc7 46.
Nb5+ Kd7 47. Kg3 Bc6 48. Na7 Ba4 49. Kh4 Ke7 50. Kg4 Bd7+ 51. Kf4 g5+ 52. Kg3
f5 53. f4 gxf4+ 54. Kxf4 Kf6 55. a4 Bxa4 56. Nc8 b5 57. Nb6 Ke6 58. c4 Kf6 59.
cxb5 Bxb5 60. Nd5+ Ke6 61. Nc7+ Kd6 62. Nxb5+ Kd5 63. Kxf5 c4 64. Kf4 Kc5 65.
Na3 c3 66. Ke3 Kb4 67. Nc2+ Kb3 68. Kd3 Kb2 69. Na1 Kxa1 70. Kxc3 1/2-1/2

[Event "Junior Online 4NCL Division 5"]
[Site "online"]
[Date "2020.05.28"]
[Round "7.102"]
[White "Goswami, Pratyush"]
[Black "Yeadon, William"]
[Result "1-0"]
[WhiteElo "1075"]
[BlackElo "525"]
[PlyCount "43"]
[EventDate "2020.05.28"]
[WhiteTeam "Muswell Hill Rookies A"]
[BlackTeam "PSE Panthers"]

1. d4 d5 2. c4 dxc4 3. Nc3 e5 4. d5 Bb4 5. e4 Bxc3+ 6. bxc3 Nf6 7. f3 c6 8.
Bxc4 cxd5 9. Bxd5 Qa5 10. Qb3 Nxd5 11. exd5 Na6 12. Bd2 Nc5 13. Qc2 Qa4 14.
Qxa4+ Nxa4 15. Ne2 O-O 16. O-O Rd8 17. c4 b5 18. Ba5 Rd6 19. cxb5 Rxd5 20. Rfd1
Rxd1+ 21. Rxd1 Nb2 22. Rd8# 1-0

[Event "Junior Online 4NCL Division 5"]
[Site "online"]
[Date "2020.05.28"]
[Round "7.105"]
[White "Burnton, Joshua"]
[Black "Withnall, Harry"]
[Result "1-0"]
[WhiteElo "1315"]
[BlackElo "597"]
[PlyCount "43"]
[EventDate "2020.05.28"]
[WhiteTeam "Muswell Hill Rookies B"]
[BlackTeam "PSE Tigers"]

1. Nf3 Nc6 2. d4 Nf6 3. c4 e5 4. dxe5 Nh5 5. e4 Bc5 6. Bg5 f6 7. exf6 gxf6 8.
Bd2 Bd4 9. Nxd4 Nxd4 10. Qxh5+ Kf8 11. Bh6+ Kg8 12. Bd3 d6 13. O-O Bf5 14. exf5
a5 15. Re1 a4 16. Re3 Nxf5 17. Rg3+ Nxg3 18. hxg3 c6 19. c5 dxc5 20. Bc4+ Qd5
21. Bxd5+ cxd5 22. Qxd5# 1-0

[Event "Junior Online 4NCL Division 5"]
[Site "online"]
[Date "2020.05.28"]
[Round "7.106"]
[White "Pearn, Alex"]
[Black "Toth, Nandor"]
[Result "1-0"]
[WhiteElo "593"]
[BlackElo "1210"]
[PlyCount "51"]
[EventDate "2020.05.28"]
[WhiteTeam "PSE Tigers"]
[BlackTeam "Muswell Hill Rookies B"]

1. e4 e5 2. Nf3 Nc6 3. Bb5 Nf6 4. d3 Bd6 5. Bxc6 dxc6 6. O-O Bg4 7. Bg5 O-O 8.
Bxf6 Qxf6 9. Nc3 Bxf3 10. Qxf3 Qxf3 11. gxf3 b5 12. b4 c5 13. bxc5 Bxc5 14.
Nxb5 c6 15. Nc7 Rac8 16. Na6 Bd4 17. Rac1 c5 18. c3 Rc6 19. Nb8 Rcc8 20. Nd7
Rfd8 21. cxd4 Rxd7 22. dxc5 Rdc7 23. a4 Rxc5 24. Rxc5 Rxc5 25. Rb1 Ra5 26. Rb8#
1-0

[Event "Junior Online 4NCL Division 5"]
[Site "online"]
[Date "2020.05.28"]
[Round "7.107"]
[White "Vera, Louis"]
[Black "Blythe, Harry"]
[Result "1-0"]
[WhiteElo "1112"]
[BlackElo "433"]
[PlyCount "62"]
[EventDate "2020.05.28"]
[WhiteTeam "Muswell Hill Rookies B"]
[BlackTeam "PSE Tigers"]

1. d4 Nc6 2. d5 Nb8 3. e4 Nf6 4. e5 Ng8 5. c4 e6 6. Nc3 f6 7. Bd3 fxe5 8. Qh5+
Ke7 9. dxe6 dxe6 10. Qxe5 Nd7 11. Bg5+ Ke8 12. Bxd8 Nxe5 13. Rd1 Nxd3+ 14. Rxd3
Ne7 15. Bxc7 e5 16. Nf3 Bf5 17. Rd2 Nc8 18. Nxe5 Bc5 19. Re2 Bg4 20. Nxg4+ Kd7
21. Be5 Nb6 22. O-O h6 23. Rd1+ Ke7 24. Bxg7+ Kf7 25. Bxh8 Rxh8 26. Re5 Re8 27.
Rxc5 Nxc4 28. Rxc4 Re1+ 29. Rxe1 b5 30. Rf4+ Kg8 31. Rd4 Kh8 1-0

[Event "Junior Online 4NCL Division 5"]
[Site "online"]
[Date "2020.05.28"]
[Round "7.108"]
[White "Howell, Lloyd"]
[Black "Bevan, Alexander"]
[Result "0-1"]
[WhiteElo "426"]
[BlackElo "917"]
[PlyCount "96"]
[EventDate "2020.05.28"]
[WhiteTeam "PSE Tigers"]
[BlackTeam "Muswell Hill Rookies B"]

1. e4 c5 2. Bc4 e6 3. Qf3 Nf6 4. Qd1 d5 5. exd5 exd5 6. Bb5+ Bd7 7. Nf3 Bxb5 8.
d3 Nc6 9. Bf4 Bd6 10. O-O Bxf4 11. g3 Bd6 12. Nc3 Ba6 13. Ng5 O-O 14. f4 h6 15.
Nh3 Qd7 16. g4 Qxg4+ 17. Kf2 Qxh3 18. Rg1 Qxh2+ 19. Rg2 Qxf4+ 20. Kg1 Qe3+ 21.
Kf1 d4 22. Ne2 b5 23. c4 bxc4 24. dxc4 Bc8 25. Ng3 Bh3 26. Rc1 Bxg3 27. b4 cxb4
28. a3 bxa3 29. Ra1 Bxg2+ 30. Kxg2 Bd6 31. Kf1 Qf4+ 32. Ke2 Qg4+ 33. Ke1 Qxd1+
34. Kxd1 Rfe8 35. Rxa3 Bxa3 36. Kc2 h5 37. Kd2 h4 38. c5 h3 39. Kd3 h2 40. Kc4
h1=Q 41. Kb5 g5 42. Kc4 g4 43. Kb5 g3 44. Kc4 g2 45. Kd3 g1=Q 46. Kc4 Bxc5 47.
Kxc5 Qc1+ 48. Kb5 Rab8+ 0-1

[Event "Junior Online 4NCL Division 5"]
[Site "online"]
[Date "2020.05.28"]
[Round "7.109"]
[White "Withnall, Harry"]
[Black "Burnton, Joshua"]
[Result "0-1"]
[WhiteElo "597"]
[BlackElo "1315"]
[PlyCount "98"]
[EventDate "2020.05.28"]
[WhiteTeam "PSE Tigers"]
[BlackTeam "Muswell Hill Rookies B"]

1. e4 e5 2. Nf3 Nc6 3. Nc3 Nf6 4. Bc4 Nxe4 5. Nxe4 d5 6. d3 dxc4 7. dxc4 Qxd1+
8. Kxd1 Bg4 9. h3 Bxf3+ 10. gxf3 Nd4 11. c3 Nxf3 12. h4 O-O-O+ 13. Ke2 f5 14.
Kxf3 fxe4+ 15. Kxe4 Bd6 16. Kd5 c6+ 17. Ke4 Rhf8 18. Be3 b6 19. h5 Bc5 20. a3
Bxe3 21. fxe3 Rd2 22. Kxe5 Rxb2 23. Rag1 Re8+ 24. Kf5 Rf2+ 25. Kg5 Rxe3 26. Kg4
Rxc3 27. Re1 Rxc4+ 28. Kg3 Rcc2 29. Re8+ Kd7 30. Ree1 Rg2+ 31. Kh3 c5 32. Rd1+
Rcd2 33. Rxd2+ Rxd2 34. a4 Ra2 35. Kh4 Rxa4+ 36. Kg5 c4 37. Kh4 b5 38. Kg5 c3
39. Kf5 c2 40. Kg5 Rc4 41. Rc1 b4 42. Kf5 b3 43. Ke5 b2 44. Rxc2 Rxc2 45. Kf5
b1=Q 46. Kg5 Rf2 47. Kg4 Qf5+ 48. Kh4 Qf4+ 49. Kh3 Rh2# 0-1

[Event "Junior Online 4NCL Division 5"]
[Site "online"]
[Date "2020.05.28"]
[Round "7.110"]
[White "Toth, Nandor"]
[Black "Pearn, Alex"]
[Result "1-0"]
[WhiteElo "1210"]
[BlackElo "593"]
[PlyCount "81"]
[EventDate "2020.05.28"]
[WhiteTeam "Muswell Hill Rookies B"]
[BlackTeam "PSE Tigers"]

1. e4 e5 2. Nf3 Nc6 3. Nc3 Bb4 4. a3 Bxc3 5. dxc3 Nf6 6. Bb5 Nxe4 7. Bxc6 bxc6
8. Qe2 Nc5 9. Nxe5 O-O 10. Nd3 Re8 11. Qxe8+ Qxe8+ 12. Be3 Nxd3+ 13. cxd3 c5
14. O-O c4 15. dxc4 Ba6 16. b3 Rb8 17. b4 Bxc4 18. Rfe1 Bd5 19. Bxa7 Qc8 20.
Bxb8 Qxb8 21. Re2 Qb5 22. Re3 g6 23. Rd1 d6 24. Red3 Bb3 25. R1d2 Bc4 26. Rd4
Be6 27. Rc2 Bb3 28. Rc1 Qb6 29. h3 c5 30. bxc5 Qxc5 31. Rb4 Bd5 32. a4 f5 33.
Ra1 Bb7 34. Rxb7 Qxc3 35. Ra2 d5 36. a5 d4 37. a6 d3 38. a7 Qc1+ 39. Kh2 d2 40.
a8=Q+ Qc8 41. Qxc8# 1-0